000 00619nam a2200181 4500
005 20231129112249.0
010 _aENG-138480
020 _a9789354092152
_c1150.00
035 _aEN-122012
037 _bDBAD/PUB
082 _a954.053
_2First
245 _aReflecting Recollecting Reconnecting/
250 _aFirst
260 _aNew Delhi
_bDirector general Publication Division Ministry of Information & Broadcasting
_c2021
270 _aGovernment Of India, Soochna Bhawan, CGO Complex, Lodhi Road
_bNew Delhi
_e110003
300 _a183p.
_c29cm(hbk)
_bill,col
942 _2ddc
_cEN
_h954.053
_mREF
999 _c199286
_d199286